000 nam a22 7a 4500
999 _c9778
_d9778
008 180208b ||||| |||| 00| 0 eng d
100 _aStrong,J.
_95875
245 _aPandemonium at School
260 _aLondon
_bPenguin
_c1999